000 00419nam a2200169Ia 4500
008 230711s9999||||xx |||||||||||||| ||und||
020 _a978-93-80064-20-8
041 _aENG
082 _a615.1901
_bHA-I
100 _aHadkar,U.B
245 0 _aInstrumental Methods in Pharmaceutical Analysis
250 _a4th Ed.
260 _c2017
_aPune
_bNirali Prakashan
300 _a26.10p.
650 _aPharmacy
942 _cBK
999 _c7304
_d7304